banner-ar

طرق اصلاح التليفزيون الملون: تحليل كامل لدوائر الانظمة المختلفة NTSC - PAL - SECAM / (Record no. 50159)

MARC details
000 -الفاتح
حقل البيانات ثابتة الطول 00784nam a2200217Ia 4500
008 - عناصر البيانات ثابتة الطول - معلومات عامة
حقل البيانات ثابتة الطول 140319s9999 xx 000 0 ara d
040 ## - مصدر الفهرسة
وكالة الفهرسة الأصلية GCL /
وكالة النسخ GCL
082 04 - رقم تصنيف ديوى العشرى
رقم التصنيف 621.38804
رقم المادة م ط
100 1# - المدخل الرئيسى - إسم شخصى
الإسم الشخصى محمد حافظ التاودى
245 10 - بيان العنوان
العنوان طرق اصلاح التليفزيون الملون: تحليل كامل لدوائر الانظمة المختلفة NTSC - PAL - SECAM /
بيان المسئوليه,etc محمد حافظ التاودى
300 ## - الوصف المادى
التعداد 183 ص
490 ## - بيان السلسلة
عنوان السلسلة الهيئة العامة للاستعلامات
رقم المجلد/ التعيين التسلسلي 0
650 04 - المدخل الاضافى بالموضوع-مصطلح موضوعى
مصطلح موضوعي الصيانة
650 04 - المدخل الاضافى بالموضوع-مصطلح موضوعى
مصطلح موضوعي تصليح
650 04 - المدخل الاضافى بالموضوع-مصطلح موضوعى
مصطلح موضوعي الهندسة
650 04 - المدخل الاضافى بالموضوع-مصطلح موضوعى
مصطلح موضوعي التليفزيون الملون
650 04 - المدخل الاضافى بالموضوع-مصطلح موضوعى
مصطلح موضوعي التليفزيون
650 04 - المدخل الاضافى بالموضوع-مصطلح موضوعى
مصطلح موضوعي الدوائر التلفزيونية المغلقة
942 ## - عناصر المدخل الإضافي( كوها)
مصدر التصنيف او مخطط الترفيف Dewey Decimal Classification
Koha [default] item type كتاب
Holdings
حالة التراجع حالة الفقد حالة تلف ليس للاعارة المكان المؤقت الموقع الحالى تاريخ الاكتساب اجمالي اﻻعارات رقم الطلب الباركود تاريخ اخر مشاهدة تاريخ تفعيل السعر نوع وعاء كوها
        مكتبة القاهرة الكبرى مكتبة القاهرة الكبرى 03/26/2014   621.38804\م ط 120257 03/26/2014 03/26/2014 كتاب

Powered By

EGPV